header

Ambrose Bierce and the dance of death (Record no. 133179)

MARC details
000 -LEADER
fixed length control field 01433nam a2200361Ia 4500
100 1# - MAIN ENTRY--AUTHOR NAME
Personal name Talley, Sharon,
245 10 - TITLE STATEMENT
Title Ambrose Bierce and the dance of death
250 ## - EDITION STATEMENT
Edition statement 1st ed.
260 ## - PUBLICATION, DISTRIBUTION, ETC. (IMPRINT)
Place of publication Knoxville :
Name of publisher University of Tennessee Press,
Year of publication 2009.
300 ## - PHYSICAL DESCRIPTION
Number of Pages xviii, 160 p.
650 #0 - SUBJECT ADDED ENTRY--TOPICAL TERM
Topical Term Death in literature.
Topical Term Fear of death in literature.
Topical Term War in literature.
Topical Term War stories, American
856 40 - ELECTRONIC LOCATION AND ACCESS
Uniform Resource Identifier http://site.ebrary.com/lib/rucke/Doc?id=10437926

No items available.

© 2026 Rongo University
Contact us: librarian | system librarian | Rongo university